00473nam a2200169 a 450000100060000000300090000600800410001504000280005608200170008410000260010124500230012726000550015030000110020549000390021665000260025565000220028111155CO-ViMGA141112s2004 ck r 000 u spa d aCO-ViMGAbspacCO-ViMGA04a523.286 L39m1 aLozano y Lozano, Juan10aMis contemporaneos aBogotá, cInstiuto Colombiano de Cultura, c1972 a175 p. aColección antologias de "sabado"14aCOLOMBIA - BIOGRAFIAS14aHOMBRES DE ESTADO